Biodireito, bioética e patrimônio genético brasileiro (Registro nro. 164660)
[ vista simple ]
| 000 -LEADER | |
|---|---|
| fixed length control field | 01065nam a22002417a 4500 |
| 007 - PHYSICAL DESCRIPTION FIXED FIELD--GENERAL INFORMATION | |
| fixed length control field | cr|||| |||| |
| 008 - FIXED-LENGTH DATA ELEMENTS--GENERAL INFORMATION | |
| fixed length control field | 161204s2008 br |||||s|||| 00||0 por d |
| 020 ## - INTERNATIONAL STANDARD BOOK NUMBER | |
| International Standard Book Number | 978-85-89919-58-6 |
| 035 ## - | |
| -- | 14566 |
| 040 ## - CATALOGING SOURCE | |
| Original cataloging agency | vLex |
| 090 ## - | |
| -- | 6409 |
| -- | 6409 |
| 100 1# - MAIN ENTRY--PERSONAL NAME | |
| Personal name | de Oliveira Silva, Ivan |
| 245 10 - TITLE STATEMENT | |
| Title | Biodireito, bioética e patrimônio genético brasileiro |
| Medium | [Recurso electrónico] / |
| Statement of responsibility, etc | Ivan de Oliveira Silva |
| 256 ## - | |
| -- | Servicio en línea |
| 260 ## - PUBLICATION, DISTRIBUTION, ETC. (IMPRINT) | |
| Place of publication, distribution, etc | San Pablo: |
| Name of publisher, distributor, etc | Pillares, |
| Date of publication, distribution, etc | 2008 |
| 300 ## - PHYSICAL DESCRIPTION | |
| Extent | 1 recurso electrónico |
| 506 1# - RESTRICTIONS ON ACCESS NOTE | |
| Terms governing access | Disponible solo en los productos indicados |
| Authorized users | vLex Global |
| -- | vLex Global (Academic Edition, excluding Law Schools) |
| -- | vLex Global (U.S. Academic Edition, Law Schools) |
| -- | vLex Global (U.S. Academic Edition, excluding Law Schools) |
| -- | vLex Global (Academic Edition, Law Schools) |
| 650 04 - SUBJECT ADDED ENTRY--TOPICAL TERM | |
| Topical term or geographic name as entry element | Derecho de las Nuevas Tecnologías |
| Geographic subdivision | Brasil |
| 740 0# - | |
| -- | vLex Libros (Servicio en línea) |
| 856 40 - LOCALIZACIÓN Y ACCESO ELECTRÓNICO | |
| Identificador Uniforme del Recurso (URI/URL) | https://app.vlex.com/#/sources/biodireito-bioetica-patrim-nio-genetico-brasileiro-14566 |
| 942 ## - | |
| -- | RAA |
| 999 ## - | |
| -- | 164660 |
| -- | 164660 |
No hay ítems disponibles.